Otázky a odpovede z elektrotechniky 1

Guardado en:
Detalles Bibliográficos
Autor principal: Meluzin, Hubert
Formato: Libro
Lenguaje:eslovaco
Publicado: Bratislava Alfa 1986
Edición:4. preprac. vyd.
Colección:Edícia elektrotechnickej literatúry
Etiquetas: Agregar Etiqueta
Sin Etiquetas, Sea el primero en etiquetar este registro!

MARC

LEADER 00000nam a2200000 4500
001 c106104
005 20041019155136.2
041 0 |a slo 
044 |a SK 
245 1 0 |a Otázky a odpovede z elektrotechniky 1  |c Hubert Meluzin 
250 |a 4. preprac. vyd. 
264 1 |a Bratislava  |b Alfa  |c 1986 
300 |a 301 s. 
490 1 |a Edícia elektrotechnickej literatúry 
830 0 |a Edícia elektrotechnickej literatúry 
100 1 |a Meluzin, Hubert